00341pab a2200133 454500008004000000100001600040245005000056260000900106300001200115362001200127650002500139650001700164773002600181180718b2001 xxu||||| |||| 00| 0 eng d aKamal Kumar aCriminal justice system in India: core issues c2001 ap.18-29 aJan-Mar aCriminal law - India aCriminal law aIndian Police Journal